00897nam a2200253 a 450000100060000000300080000600500170001400800410003103500190007204000260009104100080011708200280012510000540015324500780020726000520028530000330033749000270037050000190039765000250041683000350044194200120047699900170048895201380050567445BD-RjUL20211209081645.0170325s1947 enk 001 0 eng d a(BD-RjUL)67576 aBD-RjULbengcBD-RjUL aeng 223a621.38411bHUS 19471 aHuxley, L. G. H.q(Leonard George Holden)919985212aA survey of the principles & practice of wave guides /cby L.G.H. Huxley. aCambridge :bCambridge University Press,c1947. axi, 328 p. :bill. ;c22 cm.1 aModern radio technique aIncludes index 0aWave guides.9199853 0aModern radio technique9196099 2ddccBK c67445d67445 00102ddc40718NFICaRUCLbRUCLcReadingd1961-01-18eColombo planl0o621.38411 HUS 1947r2017-03-25 00:00:00tC-1w2017-03-25yBK